000 01419nam a2200349 a 4500
001 000115327
003 CHAP
005 20220329144529.0
008 190507s2018 mx a |sm |||||||spa d
010 _a111788
011 _a112760
040 _cCHAP
090 _aTesis
100 1 _aMolina Pérez, Iván Manuel.
_9135546
245 1 0 _aReconstrucción histórica de la precipitación para Bocoyna Chihuahua a través de anillos de crecimiento de juniperus deppeana (Steud.) y Pseudotsuga menziesii (Mirb. Franco)
_h[En línea]
_cpor Iván Manuel Molina Pérez.
260 _aBermejillo, Durango, Méx. :
_bEl autor,
_c2018.
500 _aPara ver el contenido del material haga clic en la liga
502 _aTesis (M.C. en Recursos Naturales y Medio Ambiente) -- UACH. Unidad Regional Universitaria de Zonas Áridas
590 _aBATCH-UPD
_b05
_c20190507
_lUCH01
_h1507
590 _aE6339RRR
_b05
_c20190507
_lUCH01
_h1506
590 _aE6339RRR
_b05
_c20190507
_lUCH01
_h1508
590 _aE6339RRR
_b05
_c20190508
_lUCH01
_h0923
650 1 4 _aAnillos de crecimiento.
_95845
650 1 4 _aÁrboles
_xCrecimiento.
_96583
650 1 4 _aÁrboles
_xEfecto del clima.
_96594
650 1 4 _aÁrboles
_xVariedades.
_982441
650 1 4 _aPrecipitación (Meteorología)
_xChihuahua.
_991352
856 _aFinding aid
_uhttp://10.13.5.2/tesis/sist115327.pdf
_zTeclea aquí
901 _aBK
942 _cTESIS
942 _n0
999 _c111788
_d111788